00765 2200289 4500001002100000005001500021035002500036008004100061020001800102040001700120082001200137084001400149100001900163245005500182250003200237260003600269300003000305650001800335850001200353007000300365700001200368041000800380504003300388990001800421990001800439990001800457INLIS00000000001756020190314012338 a0010-021600000000648160215r2011 jki g ind d a979-007-385-2 aYOPDYOGbind04223a346 a346 RAC h0 aRachmadi Usman aHukum kebendaan /cRachmadi Usman; editor, Tarmizi aCetakan pertama, April 20113 aJakarta :bSinar Grafika,c2011 axii, 354 halaman ;c21 cm 4aHukum bencana aYOPDYOGta0 aTarmizi aind aBibliografi: halaman 347-354 a46419-PD/B.15 a46419-PD/B.15 a46419-PD/B.15